00589nam a22001697a 450000500170000001000150001702000260003203500130005803700130007108200180008410000230010224501390012526000460026427000340031030000250034450000500036920151103111236.0 aENG-113650 a9788189430474c295.00 aEN-97182 bDBAD/PUB a133.901350922 aKairavi, Catherine aTwo souls, four lives :bthe lives and former lives of Paramhansa Yogananda and his disciple, Swami Kriyananda /cby Catherine Kairavi aGurgaonbAnanda Sangha Publicationsc2010 bGurgaonaB-10/8, DLF Phase- I axxi,448p.c25cm(pbk) aIncludes bibliographical references and index